Japanese or Nigerian city? - Statistics

General Stats
  • This quiz has been taken 41 times
  • The average score is 12 of 20
Answer Stats
Question Answer % Correct
Igbotako Nigeria
90%
Osogbo Nigeria
85%
Oda Japan
83%
Iguobazuwa Nigeria
83%
Umunze Nigeria
78%
Nsukka Nigeria
70%
Kiso Japan
68%
Zuru Nigeria
68%
Onitsha Nigeria
65%
Azare Nigeria
65%
Ojiya Japan
60%
Otofuke Japan
60%
Makkari Japan
55%
Owani Japan
55%
Iwo Nigeria
53%
Iinan Japan
50%
Oguni Japan
48%
Ofunato Japan
45%
Akure Nigeria
38%
Ugo Japan
30%
No matching quizzes found
Score Distribution
Percent of People with Each Score
Percentile by Number Answered
Your Score History
You have not taken this quiz